A century of calculus /
Guardado en:
| Autor Corporativo: | |
|---|---|
| Otros Autores: | |
| Formato: | Libro |
| Idioma: | English |
| Publicado: |
[Washington, D.C.?] :
Mathematical Association of America,
c1992.
|
| Series: | The Raymond W. Brink selected mathematical papers
|
| Etiquetas: |
Agregar Etiqueta
Sin Etiquetas, Sea el primero en etiquetar este registro!
|
| LEADER | 01489nam a22002895a 4500 | ||
|---|---|---|---|
| 001 | MAT.inmabb002846 | ||
| 008 | 050922s1992####dcua#####b####001#0#eng#d | ||
| 005 | 20100528172021.0 | ||
| 245 | 0 | 2 | |a A century of calculus / |c [papers] selected and arranged by an editorial committee consisting of Tom M. Apostol ... [et al.]. |
| 260 | |a [Washington, D.C.?] : |b Mathematical Association of America, |c c1992. | ||
| 300 | |a 2 v. : |b il. ; |c 25 cm. | ||
| 490 | 0 | |a The Raymond W. Brink selected mathematical papers | |
| 500 | |a La parte 1 fue publicada originalmente como: Selected papers on calculus. Buffalo, N.Y. : Mathematical Association of America, 1969. | ||
| 500 | |a La parte 1 contiene 160 artículos, reproducidos de American mathematical monthly, v. 1-75 (1894-1968) y de Mathematics magazine, v. 1-40 (1926-1967). | ||
| 500 | |a La parte 2 contiene 150 artículos, reproducidos de American mathematical monthly, v. 76-98, de Mathematics magazine, v. 41-64, y de College mathematics journal, v. 1-22. | ||
| 504 | |a Incluye referencias bibliográficas. | ||
| 510 | 4 | |a MR, |c 93h:00023a | |
| 020 | |a 0883852055 (v. 1) | ||
| 020 | |a 0883852063 (v. 2) | ||
| 700 | 1 | |a Apostol, Tom M. |4 edt | |
| 710 | 2 | |a Mathematical Association of America. | |
| 730 | 0 | |a American mathematical monthly. | |
| 730 | 0 | |a Mathematics magazine. | |
| 730 | 0 | |a College mathematics journal. | |
| 084 | |a 00B60 (00A05 26-00) |2 msc2000 | ||
| 859 | |p A-7634 |v 1 |3 Part 1 |b BIB. MATEMATICA | ||
| 859 | |p A-7635 |v 2 |3 Part 2 |b BIB. MATEMATICA | ||
